000 00619nam a2200181Ia 4500
008 100921s9999 xx 000 0 und d
082 _b39689
_a891.463 न 04
100 _aकाकोडकर चंद्रकांत.
245 _aसंशय.
260 _bसुकृत प्रकाशन, सांगली,पुणे.
_c2004
300 _a138
_bकलाभारती वितरण,पुणे
365 _b120
520 _aललित-कादंबरी.
630 _aसंशय.
650 _aललित-कादंबरी.
730 _aसंशय.
942 _cBOOK
999 _c788802
_d788799